000
00213 a2200097 4500
001
13719
100
_a
Truman, H
245
_a
Year of Decisions
260
_a
New York
_b
Hadder & Stoughton
_c
090
_c
10714
_d
10714
942
_a
NUST-CAE
_c
M
_c
797
999
_c
248792
_d
248792